[Event "Bremen Silvester op-B"]
[Site "Bremen"]
[Date "2024.12.28"]
[Round "3"]
[White "Lattreuter, Alexander"]
[Black "Horstmann, Joerg"]
[Result "1-0"]
[WhiteElo "1841"]
[BlackElo "1710"]
[PlyCount "63"]
[EventDate "2024.12.27"]
[EventType "swiss"]
[EventRounds "7"]
[EventCountry "GER"]
[SourceTitle "CB02_2025"]
[SourceDate "2025.01.08"]
[SourceVersion "1"]
[SourceVersionDate "2025.01.08"]
[SourceQuality "1"]

1. d4 d5 2. Bf4 Nf6 3. Nf3 c6 4. c3 e6 5. e3 Bd6 6. Bg3 b6 7. Nbd2 Bb7 8. Bd3 Qe7 9. e4 dxe4 10. Nxe4 Bxg3 11. hxg3 Nbd7 12. Qc2 h5 13. 0-0-0 Nxe4 14. Bxe4 Nf6 15. Rhe1 Nxe4 16. Qxe4 0-0-0 17. Ne5 Qc7 18. Qf4 Rhf8 19. f3 Rd5 20. g4 hxg4 21. Qxg4 g6 22. Kb1 Kb8 23. Qf4 c5 24. Nxg6 Qxf4 25. Nxf4 Rf5 26. Nd3 cxd4 27. cxd4 Rd8 28. Ne5 Rf4 29. Kc2 Rc8+ 30. Kd3 Bd5 31. Ke3 Rf6 32. Nd7+ 1-0